Využívání dávek v hmotné nouzi ze strany osob žijících v sociálně vyloučených lokalitách

U dávok pomoci v hmotnej núdzi je problémom skutočnosť, že dávky nie sú vždy využívané na účely, na ktoré sú poskytované a tak neslúžia na úhradu nevyhnutných základných potrieb (potraviny, hygienické potreby, oblečenie) a na pokrytie nákladov spojených s bývaním. Neľahkú úlohu majú pracovníci úrado...

Ausführliche Beschreibung

Gespeichert in:
Bibliographische Detailangaben
1. Verfasser: Urban, David
Format: Buchkapitel
Sprache:Tschechisch
Schlagworte:
Tags: Tag hinzufügen
Keine Tags, Fügen Sie das erste Tag hinzu!

MARC

LEADER 00000nla a2200000 4500
001 0247088
005 20240417075144.0
041 0 |a cze 
044 |a CZ 
245 1 0 |a Využívání dávek v hmotné nouzi ze strany osob žijících v sociálně vyloučených lokalitách  |c David Urban 
520 |a U dávok pomoci v hmotnej núdzi je problémom skutočnosť, že dávky nie sú vždy využívané na účely, na ktoré sú poskytované a tak neslúžia na úhradu nevyhnutných základných potrieb (potraviny, hygienické potreby, oblečenie) a na pokrytie nákladov spojených s bývaním. Neľahkú úlohu majú pracovníci úradov práce napriek snahe o osobný prístup ku klientom. Negatívne situácie vo využívaní dávok v hmotnej núdzi. Pozitívne situácie vo využívaní dávok pomoci v hmotnej núdzi. 
610 2 0 |a núdza hmotná 
610 2 0 |a pomoc štátna 
610 2 0 |a minimum existenčné 
610 2 0 |a legislatíva 
610 2 0 |a Rómovia 
610 2 0 |a Česko 
100 1 |a Urban, David